[Event "1st GM"]
[Site "Danzhou CHN"]
[Date "2010.06.19"]
[Round "8"]
[White "Yu Yangyi"]
[Black "Zhao Jun"]
[Result "1/2-1/2"]
[WhiteElo "2585"]
[BlackElo "2574"]
[PlyCount "147"]
[EventDate "2010.06.11"]

1. e4 c5 2. Nf3 d6 3. d4 cxd4 4. Nxd4 Nf6 5. Nc3 a6 6. Be3 e5 7. Nf3 Qc7 8. a4
Be7 9. Be2 O-O 10. O-O Nbd7 11. a5 Nc5 12. Nd5 Nxd5 13. exd5 Bg4 14. Nd2 Bxe2
15. Qxe2 f5 16. f3 Nd7 17. c4 Bf6 18. b4 e4 19. Rac1 exf3 20. Nxf3 Rae8 21. Qd3
Re4 22. Nd2 Ne5 23. Qe2 Rh4 24. g3 Rg4 25. Rxf5 Qd7 26. Rcf1 Re8 27. Kh1 h5 28.
Rxh5 g6 29. Rh3 Bg7 30. Kg2 Qc8 31. Rf4 g5 32. Rf2 Nxc4 33. Nxc4 Qxc4 34. Qxc4
Rxc4 35. Bxg5 Re5 36. Rh4 Rxh4 37. Bxh4 Rxd5 38. Bf6 Bf8 39. h4 Rd3 40. Rf3 Rd1
41. g4 d5 42. g5 d4 43. h5 d3 44. g6 Bh6 45. Bc3 d2 46. Rd3 Kf8 47. Kf2 Rh1 48.
Bxd2 Bxd2 49. Rxd2 Rxh5 50. Rd8+ Kg7 51. Rd7+ Kxg6 52. Rxb7 Rh4 53. Ke3 Kf5 54.
Kd3 Ke5 55. Kc3 Kd5 56. Kb3 Rh6 57. Rd7+ Rd6 58. Rc7 Rc6 59. Rb7 Re6 60. Ka4
Rf6 61. Rc7 Rc6 62. Rh7 Re6 63. Ra7 Rf6 64. Rc7 Rc6 65. Re7 Rf6 66. Rb7 Re6 67.
Kb3 Re3+ 68. Ka4 Re6 69. Rb6 Rxb6 70. axb6 Kc6 71. Ka5 Kb7 72. b5 axb5 73. Kxb5
Kb8 74. Kc6 1/2-1/2

[Event "1st GM"]
[Site "Danzhou CHN"]
[Date "2010.06.20"]
[Round "9"]
[White "Zhao Jun"]
[Black "Wang Hao"]
[Result "1/2-1/2"]
[WhiteElo "2574"]
[BlackElo "2722"]
[PlyCount "93"]
[EventDate "2010.06.11"]

1. Nf3 d5 2. d4 Nf6 3. c4 e6 4. g3 Bb4+ 5. Bd2 Be7 6. Bg2 O-O 7. O-O c6 8. Qc2
b6 9. Bg5 Ba6 10. Nbd2 Nbd7 11. Rfd1 Rc8 12. Rac1 h6 13. Bxf6 Bxf6 14. e4 Bb7
15. Qa4 a6 16. Qb3 g5 17. e5 Bg7 18. cxd5 cxd5 19. Qe3 Qe7 20. a3 g4 21. Nh4
Qg5 22. Qe1 h5 23. f4 gxf3 24. Ndxf3 Qh6 25. Bh3 Rfe8 26. Ng2 Nf8 27. Rxc8 Rxc8
28. Qb4 Rc1 29. Re1 Rxe1+ 30. Nfxe1 b5 31. Nf4 h4 32. Qe7 hxg3 33. hxg3 Bc6 34.
Nf3 Ng6 35. Qd8+ Bf8 36. Ng5 Nxf4 37. gxf4 Qg6 38. Qc7 Be8 39. Qc8 Qb1+ 40. Kh2
Qxb2+ 41. Bg2 Qxd4 42. Kg3 Qe3+ 43. Bf3 Qe1+ 44. Kh3 Qe3 45. Kg3 Qe1+ 46. Kh3
Qe3 47. Kg3 1/2-1/2

[Event "1st GM"]
[Site "Danzhou CHN"]
[Date "2010.06.20"]
[Round "9"]
[White "Li Chao2"]
[Black "Yu Yangyi"]
[Result "1-0"]
[WhiteElo "2619"]
[BlackElo "2585"]
[PlyCount "59"]
[EventDate "2010.06.11"]

1. e4 c5 2. Nf3 e6 3. d4 cxd4 4. Nxd4 Nf6 5. Nc3 Bb4 6. e5 Nd5 7. Bd2 Bxc3 8.
bxc3 O-O 9. Bd3 d6 10. exd6 Qxd6 11. O-O Nf6 12. Nb5 Qc6 13. Bf4 b6 14. Be2 Ba6
15. c4 Nbd7 16. Nc7 e5 17. Nxa6 exf4 18. Bf3 Qxc4 19. Bxa8 Rxa8 20. Qd3 Rc8 21.
Rfe1 g5 22. Rad1 Qxc2 23. Qb5 Nc5 24. Rc1 Qf5 25. Nxc5 bxc5 26. Qb7 Rd8 27.
Qxa7 f3 28. Qa3 fxg2 29. Rxc5 Nd5 30. Qb3 1-0

[Event "1st GM"]
[Site "Danzhou CHN"]
[Date "2010.06.20"]
[Round "9"]
[White "Zhou Jianchao"]
[Black "Zhou Weiqi"]
[Result "1-0"]
[WhiteElo "2652"]
[BlackElo "2585"]
[PlyCount "105"]
[EventDate "2010.06.11"]

1. d4 Nf6 2. c4 e6 3. Nc3 Bb4 4. e3 O-O 5. Bd3 c5 6. Nf3 d5 7. O-O dxc4 8. Bxc4
Nbd7 9. Qe2 cxd4 10. exd4 Bxc3 11. bxc3 Qc7 12. Bg5 b6 13. Bh4 Bb7 14. Bg3 Bxf3
15. gxf3 Qc6 16. Rac1 Nh5 17. Ba6 Rfe8 18. Bb5 Nxg3 19. hxg3 Qc7 20. Rfd1 g6
21. c4 Red8 22. d5 Nc5 23. Kg2 Rd6 24. Bc6 Rf8 25. Rh1 Qe7 26. f4 f6 27. Rc3 e5
28. Re3 e4 29. f5 Qe5 30. fxg6 hxg6 31. f4 Qe7 32. f5 Qg7 33. Rxe4 Nxe4 34.
Qxe4 g5 35. Be8 Qc7 36. Rh6 Kg7 37. Rg6+ Kh8 38. Rh6+ Kg7 39. Rh1 Rd8 40. Bg6
Qe5 41. Rh7+ Kg8 42. Qxe5 fxe5 43. Kf3 b5 44. cxb5 Rxd5 45. Kg4 Rxb5 46. Rxa7
e4 47. Re7 Ra5 48. Rxe4 Rxa2 49. Kxg5 Rfa8 50. f6 R8a5+ 51. Bf5 Rf2 52. Kg6 Kf8
53. Rh4 1-0